[Event "Moscow ZSKS"]
[Site "Moscow"]
[Date "1992.??.??"]
[Round "?"]
[White "Krasenkow, Michal"]
[Black "Moskalenko, Viktor"]
[Result "1-0"]
[WhiteElo "2495"]
[BlackElo "2505"]
[Annotator "Stohl,I"]
[PlyCount "69"]
[EventDate "1992.??.??"]
[EventType "tourn"]
[EventRounds "11"]
[EventCountry "RUS"]
[EventCategory "8"]
[SourceTitle "CBM 030"]
[Source "ChessBase"]
[SourceDate "1992.10.01"]
[SourceVersion "1"]
[SourceVersionDate "1992.10.01"]
[SourceQuality "1"]

1. d4 Nf6 2. c4 c5 3. d5 g6 4. Nc3 Bg7 5. e4 d6 6. h3 O-O 7. Nf3 e6 8. Bd3 exd5
9. cxd5 Na6 (9... b5 10. Bxb5 Nxe4 11. Nxe4 Qa5+ 12. Nfd2 Qxb5 13. Nxd6 Qd3 $6
(13... Qa6 $142 $146) 14. N2c4 Qxd1+ 15. Kxd1 Ba6 16. Kc2 Nd7 17. Rd1 Nb6 18.
Nxb6 axb6 19. Bg5 Ra7 20. Kb3 Rd7 21. Nc4 $14 {Kramnik,V-Hall,J,Oakham
1992-CBM 30}) 10. O-O Nc7 11. Re1 (11. a4 a6 12. Bg5 (12. Re1 $142 {-11.Re1})
12... h6 13. Be3 Re8 14. Qd2 Kh7 15. Rab1 b5 16. axb5 Nxb5 $1 17. Nxb5 axb5 18.
e5 dxe5 19. Bxb5 Bd7 20. Bc6 $13 {Sarno,S-Suba,M,Roma op 1990-TD 90_03}) 11...
a6 (11... Nd7 12. Bf4 Qe7 13. Qd2 Rb8 14. a4 $1 {/\e5} a6 15. Bf1 $1 {/\e5} f6
16. Rab1 Ne5 17. Nxe5 fxe5 18. Bg5 Qe8 19. b4 $16 {Magerramov,E-Garrido,D,
Nimes op 1991}) (11... Re8 12. a4 b6 13. Bf4 a6 (13... Nh5 14. Bg5 Qd7 $6 15.
Qd2 Bb7 16. g4 Nf6 17. Qf4 $16 {Boensch,U-Molnar,A,Szekszard op 1989-TD 89_11})
14. Bf1 Bb7 15. Rb1 Rb8 16. b4 Nd7 17. Qd2 Qf6 18. Nd1 Qe7 19. Ne3 b5 20. e5 $1
$16 {Khalifman,A-Winants,L,Dordrecht 1988-CBM 07}) 12. a4 Rb8 13. Bf1 $1 {N} (
13. a5 b5 14. axb6 Rxb6 15. Nd2 $1 Nb5 16. Nc4 Rb8 17. Bd2 $14 {Zysk,R-Hertel,
P,Dortmund op 1992-CBM 29}) 13... b5 14. e5 $36 dxe5 15. Nxe5 Bb7 $8 16. d6 (
16. axb5 Nxb5 $1 $132) (16. Nc6 $6 Bxc6 17. dxc6 b4 {פ,Pc6}) 16... Ncd5 (16...
Ne6 17. axb5 $16) 17. axb5 Nxc3 $8 (17... axb5 $6 18. Nxb5 $16) (17... Qxd6 18.
bxa6 $16) 18. bxc3 axb5 19. Bg5 $1 (19. Bxb5 Bxg2 $13 {/\} 20. Nc6 Bxc6 21.
Bxc6 Qb6 $1 (21... Rb6 $6 22. Ra8 Rxc6 23. Rxd8 Rxd8 24. Bf4 Bf8 25. Qf3 $16)
22. Bg2 Rbd8 $17) 19... h6 (19... Qb6 $2 20. Bxf6 Bxf6 21. Nd7 $18) (19... b4
20. cxb4 cxb4 21. Bc4 $40 {><f7}) 20. Bxf6 $8 (20. Bh4 g5 21. Bg3 Ne4 $15)
20... Bxf6 21. Bxb5 Bxg2 22. Kxg2 Rxb5 23. Qd5 $1 {[+],/\Ng6} Kg7 (23... Bxe5
24. Rxe5 Qd7 (24... Qf6 25. d7 Rb2 26. Rf1 {/\Re8+-} Rd2 27. Qxd2 Qxe5 28. Re1
$18) 25. Re7 Qf5 26. Qxf5 gxf5 27. Raa7 Rb3 28. Rac7 $18 Rxc3 $2 29. d7 Rd3 30.
Rc8) 24. Nc6 $2 (24. Ra7 $142 Bxe5 25. Rxe5 Qf6 26. Ree7 Rb6 $1 27. Red7 Qg5+
28. Qxg5 hxg5 29. Rac7 Kf6 30. Rxc5 Ke6 $14) (24. c4 $1 Rb6 (24... Ra5 25. Rxa5
Qxa5 26. Rd1 $18) 25. Rad1 $16 {/\Qc5+-}) 24... Qb6 25. c4 Rb2 $1 (25... Bxa1
26. cxb5 Bf6 27. d7 $18) 26. d7 (26. Rad1 Bh4 $132) 26... Rd2 $8 27. Qxd2 Qxc6+
28. Kg1 Rd8 (28... Bxa1 $142 $5 29. d8=Q (29. Rxa1 Rd8 30. Ra7 Qe6 $132) 29...
Rxd8 30. Qxd8 Bd4 31. Qd5 Qf6 32. Re2 $14) 29. Ra7 Bd4 30. Qf4 Rxd7 31. Re7 $1
(31. Rxd7 Qxd7 32. Kg2 $14) 31... Rxe7 32. Rxe7 Qf6 $8 33. Qxf6+ Kxf6 34. Rd7
Ke6 35. Rd5 $16 {/\Kf1,f3,Rd8-a8,Ke2-d3-e4,Ra6,Kd5 [Stohl]} 1-0

[Event "Biel"]
[Site "Biel"]
[Date "1995.??.??"]
[Round "4"]
[White "Dreev, Alexey"]
[Black "Milov, Vadim"]
[Result "1-0"]
[WhiteElo "2670"]
[BlackElo "2570"]
[Annotator "Stohl,I"]
[PlyCount "61"]
[EventDate "1995.07.??"]
[EventType "tourn"]
[EventRounds "13"]
[EventCountry "SUI"]
[EventCategory "15"]
[SourceTitle "CBM 049"]
[Source "ChessBase"]
[SourceDate "1995.12.01"]
[SourceVersion "1"]
[SourceVersionDate "1995.12.01"]
[SourceQuality "1"]

1. d4 {Giese Donev} Nf6 2. c4 e6 3. Nc3 c5 4. d5 exd5 5. cxd5 d6 6. Nf3 g6 7.
e4 a6 (7... Bg7 8. h3 O-O 9. Bd3 b5 10. Nxb5 Re8 11. O-O Nxe4 12. Re1 a6 13.
Na3 (13. Qa4 $5 $146 Bd7 14. Qa3 Qb6 15. Nc3 Nxc3 16. Rxe8+ Bxe8 17. bxc3 Nd7
18. Bf4 Qc7 19. Rb1 Nb6 20. c4 a5 21. Ng5 Nd7 22. Bf1 Ne5 23. Nf3 Nxf3+ 24.
Qxf3 Rb8 25. Re1 Bd7 26. Qg3 Bf8 27. Bd3 $14 {[%csl Rd6][%cal Ge1e8] <->e,><d6,
Krasenkov,M-De Firmian,N/Polanica Zdroj/1995/}) 13... Nf6 14. Rxe8+ Nxe8 15.
Bg5 (15. Nc4 Nd7 16. Bg5 Ndf6 17. Qb3 a5 18. Re1 Ba6 19. Qd1 Qc7 20. Nfd2 Bb7
21. Be4 h6 22. Bh4 a4 23. g4 a3 24. b3 Bxd5 25. Bxd5 Nxd5 26. Qf3 Qc6 $17 {
Tukmakov,V-Suba,M/Geneva op/1995/}) 15... Bf6 16. Qd2 Nd7 17. Nc4 Bb7 18. Be4
Bxg5 19. Nxg5 Ndf6 20. Re1 h6 $2 (20... Nc7 21. Qf4 Bxd5 22. Nxd6 $36) 21. Nxf7
$1 Kxf7 22. Qxh6 Ng7 23. Bxg6+ Kg8 24. Re6 $1 Bxd5 25. Rxd6 Bxc4 (25... Qe7 26.
Rxd5 $18) 26. Rxd8+ Rxd8 27. Qh4 {1-0/Dreev,A-De Firmian,N/Biel (06)/1995/}) 8.
h3 b5 9. Bd3 Bg7 10. O-O O-O 11. Bf4 (11. a3 Re8 12. Re1 Nbd7 13. Bf4 Qc7 14.
Rc1 Nh5 15. Be3 Ne5 16. Be2 $13 {0,5/Vilkov-Lukovnikov,A/Briansk RUS-chT/1995/}
) 11... Re8 (11... c4 12. Bc2 {[%csl Gd4,Gd5,Ge4,Ge5][%cal Yf3d4] /\Nd4,[+]})
12. Re1 b4 $6 {Schwarz will den weißen Springer deplazieren...} (12... Ra7 13.
Bxb5 $5 (13. a3 Rae7 14. Qc2 Nh5 15. Bg5 Bf6 16. Bxf6 Nxf6 17. b4 Nbd7 18. Qd2
Kg7 19. Rac1 Qb6 20. Qb2 Kg8 21. Bb1 Bb7 22. Qd2 Kg7 23. Qb2 Kg8 24. Re3 Nh5
25. a4 c4 26. a5 Qa7 27. Qd2 Ne5 $132 {Ibragimov,I-Pigusov,E/S-Peterburg/1993/}
) 13... axb5 14. Nxb5 Rd7 15. Nxd6 $1 Rxd6 16. Bxd6 Qxd6 $8 (16... Nxe4 17.
Bxb8) 17. e5 Qxd5 18. exf6 Rxe1+ $8 (18... Qxd1 $2 19. Raxd1 Rxe1+ 20. Rxe1 {
[%cal Re1e8] /\Re8+-}) 19. Qxe1 Bf8 (19... Bxf6 $2 20. Qe8+ Kg7 21. Qxc8 $18)
20. Qe8 $16 {[%csl Ga2] o^a2}) (12... Qb6 $142 13. a4 $1 c4 14. Bf1 Bb7 (14...
b4 15. a5 Qc7 16. Na4 Nbd7 17. Qc2 Bb7 18. Bxc4 Rac8 19. Nd2 Bf8 20. Be3 b3 21.
Qxb3 Nxe4 22. Nxe4 Rxe4 23. Bd3 Re5 24. Nb6 Rce8 25. Rec1 Nc5 26. Qc4 $16 {
Vyzmanavin,A-Antonio,R/Beijing op/1991/}) 15. axb5 axb5 16. Rxa8 Bxa8 17. b4
Na6 18. Be3 Qb8 19. Qb1 Ng4 20. Bd2 Ne5 21. Nxe5 Bxe5 22. Ne2 Bb7 23. Bc3 Bc8
24. Qb2 Bd7 25. Nd4 Nc7 26. Nf3 Bxc3 27. Qxc3 $36 {[%csl Gd4,Gd5,Ge4,Ge5,Rf6,
Rg7,Rh6] ׻,[+],Vyzmanavin,A-Stefansson,H/Moscow GMA-op/1989/}) 13. Na4 Bd7 14.
a3 {/\Qa5} (14. Bxd6 $6 Bxa4 15. Qxa4 Qxd6 16. e5 Qxd5 (16... Qd7 $1 {Donev}
17. Qxd7 Nfxd7 $19) 17. exf6 (17. Rad1 Qc6 $15) 17... Rxe1+ 18. Rxe1 Qxd3 19.
fxg7 (19. Qe8+ Bf8 20. Ng5 Qd5 21. Nxh7 Nd7 $19) 19... Nd7 $1 {/\} 20. Rd1 Nb6
$1 $15) 14... a5 $146 (14... bxa3 15. Rxa3 $16 {[%cal Ya4c3] >< d6,a6,/\Nc3}) (
14... Bxa4 15. Qxa4 bxa3 16. Rxa3 Nfd7 17. b4 cxb4 18. Qxb4 Nc5 19. Bb5 Re7 20.
Bc6 Nxc6 21. dxc6 Rc8 22. e5 Rxc6 23. Bg5 dxe5 24. Bxe7 Qxe7 25. Qb8+ Bf8 26.
Rxe5 $18 {Polgar,Z-Sax,G/Aruba/1992/}) 15. Bxd6 $1 {The Bishop occupies an
important square The Bishop occupies an important square, also freeing the
d5-pawn.} c4 {Donev:Nur so kann Schwarz auf Gegenspiel hoffen.} (15... Bxa4 16.
Qxa4 Qxd6 17. e5 {Jetzt gehet nicht 17...Qd7 wegen 18.Bb5+-} Qxd5 18. Rad1 $1
$18 {[%cal Re5f6,Rd3e4,Rd3b5] /\Be4,Bb5,ef6} (18. exf6 {Donev} Rxe1+ 19. Nxe1
Bf8 20. axb4 cxb4 $14)) 16. Bxc4 (16. Bxb8 $6 Qxb8 (16... cxd3 17. Be5 $16) 17.
Bxc4 (17. Bb1 Nh5 $36) 17... Nxe4 $44 {[%csl Gd7,Gg7][%cal Gg7b2] ^^,/^a1-h8})
16... Nxe4 (16... Bxa4 17. Qxa4 Qxd6 18. e5 $18) 17. Bf4 Na6 {Donev: Während
Schwarz noch die letzten Kräfte entwickelt, läuft das weiße Figurenspiel schon
auf vollen Touren.} (17... Bxa4 18. Qxa4 Bxb2 19. Rad1 Bxa3 (19... bxa3 20. Bb5
{[%cal Re1e4] /\Re4}) 20. Bb5 Re7 21. d6 Re6 22. Nd4 Nc3 23. Nxe6 fxe6 24. Qb3
Nxb5 25. Qxe6+ Kg7 26. Qe5+ $18) 18. d6 $16 Qf6 (18... Bxa4 19. Qxa4 Bxb2 20.
Bxf7+ $1 Kxf7 21. Qb3+ Kf8 22. Qxb2 $40) 19. Be3 {Donev: Weiß gibt den Bauern
zurück, um Zusammenspiel seiner Figuren zu stärken.} Nxd6 {[%cal Gd6c4] Black
has finally managed to liquidate the dangerous passed pawns. But the tension
on the now open e and d-files enables White to gain material.  Schwarz nimmt
den bauern mit dem Springer weil so er ein Thempo gewinnt.} (19... Qxd6 20. Nb6
Bxb2 (20... Ra7 21. Bxa6 Rxa6 22. Nxd7 $18) 21. Nxa8 (21. Ng5 {Donev} Bxa1 (
21... Qxd1 22. Bxf7+ Kg7 23. Raxd1) 22. Bxf7+ $16) 21... Bxa1 22. Qxa1 Rxa8 23.
Rd1 $18 {[%cal Re3h6] /\Bh6->}) (19... Bxa4 20. Qxa4 Qxd6 (20... Nxd6 21. Bxa6
{-19...Nd6}) 21. Rad1 $16 {[%cal Rd1d7,Ra4a5] /\Rd7,Qa5}) 20. Bxa6 Bxa4 (20...
Rxa6 21. Nc5 Ra7 22. axb4 $18) 21. Qxa4 Rxa6 {Donev: Auf dem Brett herrscht
materielles Gleichgewicht, aber die schwarze Grundreihe ist geschwächt, und
Weiß kann davon profitieren.} 22. Bg5 {[%csl Re8][%cal Ge1e8,Ga4e8] Donev: Der
Anfang der weißen Gewinnoperation mit dem Zie, die 8.Reihe zu erobern.} Rxe1+
$8 23. Rxe1 Qf5 {[#]} (23... Qxb2 24. Re8+ $1 Nxe8 25. Qxe8+ Bf8 26. Bh6 $18)
24. Re8+ $1 {[%csl Ga4,Gg5,Re7,Rf6,Rf8,Rg7,Rh6] By this temporary sacrifice
White penetrates to the 8-th rank.} Nxe8 (24... Bf8 {Giese} 25. Be7 $18) 25.
Qxe8+ Bf8 26. Be7 $18 {[%csl Rf8]} (26. Bh6 $2 Qc5 $17 (26... Qc5 {Giese} 27.
Ng5 Qe7 $1)) 26... h6 {Donev: Einzige Rettung vor dem unmittelbaren Matt.} (
26... h5 {Giese} 27. Qxf8+ Kh7 28. Ng5+ $18) 27. Qxf8+ {White has 2 pieces for
a Rook and their coordinated attack wins the game in a few moves.} Kh7 28. Bc5
{[%cal Yc5d4,Gd4h8]} g5 (28... bxa3 29. Bd4 f6 (29... Rf6 30. bxa3 $18) 30.
Qf7+ (30. Qe7+ {Giese} Kg8 31. Qd8+ Kf7 32. Qc7+ Ke8 (32... Ke6 33. Qc8+ Kd5
34. Qxa6 Qb1+ 35. Kh2 a2 36. Qxa5+ Ke6 37. b4 $18) 33. Qb8+ Kd7 34. Qb7+ Ke8
35. Qxa6 a2 36. Qc6+ Ke7 (36... Kf7 37. Qd5+ {[%csl Ra2]} Qe6 38. Qxe6+ Kxe6
39. b3 $18) 37. Bc5+ $18) 30... Kh8 31. bxa3 $18 {[%cal Rf3h4] /\Nh4}) (28...
Rc6 {Giese} 29. Bd4 f6 30. Qf7+ Kh8 31. Qe8+ $18 {[%csl Rc6]}) 29. Bd4 {
[%cal Yd4h8] Donev: Die Diagonale a1-h8 spielt eine entscheidende Rolle bei
dem weißen Angriff.} f6 30. Qf7+ Kh8 31. Ne5 $1 {[%csl Rf5][%cal Ye5g6] /\Ng6}
(31. Ne5 {Donev} Qb1+ 32. Kh2 fxe5 33. Bxe5+ Rf6 34. Bxf6#) 1-0

[Event "Capablanca Memorial Elite 35th"]
[Site "Varadero"]
[Date "2000.05.21"]
[Round "12"]
[White "Lesiege, Alexandre"]
[Black "Vera Gonzalez Quevedo, Reynaldo"]
[Result "1-0"]
[WhiteElo "2582"]
[BlackElo "2546"]
[Annotator "Stohl,I"]
[PlyCount "83"]
[EventDate "2000.05.07"]
[EventType "tourn"]
[EventRounds "13"]
[EventCountry "CUB"]
[EventCategory "13"]
[SourceTitle "CBM 077"]
[Source "ChessBase"]
[SourceDate "2000.07.27"]
[SourceVersion "1"]
[SourceVersionDate "2000.07.27"]
[SourceQuality "1"]

1. d4 Nf6 2. c4 c5 3. d5 g6 4. Nc3 Bg7 5. e4 d6 6. Nf3 O-O 7. h3 a6 8. a4 e6 9.
Bd3 exd5 10. cxd5 Re8 11. O-O c4 {This whole line deservedly has a poor
reputation and White has more ways to make life difficult for Black.} (11...
Nbd7 12. Bf4 c4 13. Bc2 Nc5 14. Re1 Rb8 15. e5 Nh5 16. Be3 Nd3 17. Bxd3 cxd3
18. exd6 Qxd6 19. Qxd3 Bd7 {Avrukh,B-Anastasian,A/St Petersburg/1994/} 20. Bd4
$1 $16) 12. Bxc4 $5 {[%csl Ge4] White gives up his [+] and wants to utilize
his lead in development.} ({The more principled continuation just as above is} 
12. Bc2 Nbd7 13. Be3 (13. Bf4 $142 $5) 13... Qc7 14. Qe2 Rb8 15. Ba7 Ra8 16.
Be3 Rb8 17. a5 b5 18. axb6 Nxb6 19. Nd2 $5 (19. Rfc1 Nbd7 20. Nd2 Rb4 21. Ra4
a5 22. Nxc4 Ba6 23. Bd3 Bxc4 24. Bxc4 Nxe4 25. Rxb4 axb4 26. Nxe4 Rxe4 27. Qd3
Rxe3 28. Qxe3 Bxb2 $44 {Shirov,A-Topalov,V/Wijk aan Zee/1998/}) 19... Nfd7 20.
Ra2 Bb7 21. Ba4 Nxa4 22. Rxa4 Nb6 23. Rb4 Bc8 24. Nxc4 Nxc4 25. Rxc4 Qb7 26.
Qd3 $1 $16 {Vescovi,G-Peptan,C/Mermaid Beach/1998/}) 12... Nxe4 13. Nxe4 Rxe4
14. Bg5 (14. Qc2 Re8 15. Bf4 (15. Bg5 $5 Bf6 16. Rfe1 {-see game}) 15... Bf5
16. Qb3 Nd7 17. Bxd6 Nb6 (17... Qf6 18. Ba3 Be4 19. d6 $16 {Meszaros,A-Lendvai,
N/Zalakaros/1992/}) 18. Ba3 Be4 $44) 14... Bf6 15. Qc2 $5 $146 {[%mdl 8]} (15.
Bd3 Re8 16. Bxf6 (16. Qd2 Bxg5 (16... Nd7 $143 17. Qf4 Bxg5 18. Nxg5 Qf6 19.
Qh4 h5 20. Rfe1 Re5 21. f4 $1 Rxe1+ 22. Rxe1 Qd4+ 23. Kh2 Ne5 24. Be4 Nd7 25.
Nxf7 Kxf7 26. Bxg6+ Kg8 27. Re8+ Kg7 28. Bf5 Qf6 29. Qg3+ Kf7 30. Qg8# {
Carnic,S-Paulic,B/Becici/1994/}) 17. Nxg5 Re5 18. f4 Rxd5 19. Qe3 Nc6 20. Rae1
Bd7 21. Bc4 Rf5 22. g4 Rxg5 23. fxg5 Ne5 24. Qf4 Be6 25. Bxe6 fxe6 26. Re2 Qc7
$44 {Cramling,P-Antonio,R/Biel/1991/}) 16... Qxf6 17. Re1 (17. Rc1 Nd7 18. Re1
Ne5 $2 (18... Rxe1+ $142 19. Qxe1 Nc5 20. Qe8+ Kg7 $13) 19. Nxe5 dxe5 20. Rc7
Qd6 21. Qc2 Bd7 22. Rxb7 Qxd5 23. Be4 Qa5 24. Ra1 Be6 25. b4 Qd8 26. Rd1 $40 {
Sokolin,L-Sarkar,J/New York op/1997/}) 17... Rf8 (17... Rxe1+ 18. Qxe1 Bxh3 $5
$132 (18... Qd8 $14)) 18. Qe2 Bf5 19. Bxf5 Qxf5 20. Rad1 Nd7 21. Qe7 Nc5 22.
Qxd6 Nxa4 23. Qb4 b5 24. Ne5 $16 {Lindstedt,J-Kytoniemi,J/Finland/1997/}) (15.
Nd2 Re8 16. Bxf6 Qxf6 17. Re1 Rxe1+ 18. Qxe1 Nd7 19. Qe8+ Kg7 20. Re1 Qf4 21.
Re3 Nf6 22. Qd8 b5 $132 {Mikanovic,G-Hua Lefong/Montreal/1999/}) 15... Re8 16.
Rfe1 Rxe1+ 17. Rxe1 Nd7 18. Bf4 Nc5 {Black strives for active <=>.} ({Rather
passive is} 18... Nb6 19. Ba2 $5 (19. Bb3 Bf5 20. Qd2 {()}) 19... Bf5 20. Qb3
a5 21. Qa3 $36) 19. b4 Bf5 20. Qd1 {[%csl Rc5] פ Black has some problems due
to the temporary disharmony in his camp.} Ne4 $5 (20... Nxa4 21. Qxa4 b5 22.
Bxb5 axb5 23. Qxb5 Bc3 $1 (23... Rb8 24. Qc6 $18) 24. Re3 (24. Bd2 Bxd2 25.
Nxd2 Bxh3 $1 $132 26. gxh3 Qg5+ $11) 24... Rb8 25. Qc4 (25. Qa5 Bxb4 26. Qxd8+
Rxd8 27. Nd4 Bd7 28. Re7 Kf8 29. Bg5 h6 30. Rxf7+ Kxf7 31. Bxd8 Bc5 $44) 25...
Bxb4 (25... Rxb4 26. Qc6 Bd7 27. Qxd6 $16) 26. Nd4 $14) (20... Nd7 $143 21. g4
(21. Nd4 Qc8 $5 (21... Ne5 22. Bxe5 dxe5 23. Nxf5 gxf5 24. d6 $40) 22. Bf1 Ne5
$132) 21... Nb6 22. Bb3 Bd7 23. a5 Nc8 $14 {/+/-,()}) 21. g4 Nc3 (21... Rc8 $2
22. gxf5 Rxc4 23. Qd3 $18) (21... b5 $142 $5 22. Bf1 (22. gxf5 Nc3 23. Qd3 bxc4
24. Qxc4 Nxa4 25. Qc6 Nb6 26. Be3 Rb8 $11) (22. axb5 axb5 23. Bxb5 Nc3 (23...
Qb6 24. Qe2 Nc3 25. Qc4 $14) 24. Qb3 Be4 25. Nd2 Bxd5 26. Bc4 $11) 22... Nc3
23. Qd2 Be4 $13 {/\} 24. Ng5 Bxd5) 22. Qd2 Bd7 (22... Be4 23. Ng5 $16 {
Compared with the line above the Pd5 is protected.}) 23. Bg5 Bxg5 (23... Nxa4
24. Qf4 Bxg5 25. Nxg5 Qf8 (25... f5 26. Qxd6 Nb6 27. Nxh7 $1 $18) 26. Ne4 $44 {
->}) 24. Nxg5 Qf6 (24... Nxa4 25. Qf4 {-23...Na4}) 25. Re3 $5 Nb1 $2 {Here the
N has no future.} (25... Qxg5 26. Re8+ $16) ({However dangerous, necessary was
} 25... Nxa4 $142 $1 26. Rf3 (26. Ne4 Qe5 27. g5 (27. f4 Qxf4 28. Qd4 Kf8 $1 {
/\Qe5}) 27... Kg7 $15) 26... Qa1+ 27. Kg2 f5 28. Ne6 fxg4 29. hxg4 Nb6 30. Bb3
$13) 26. Qc1 $1 (26. Ne4 Nxd2 27. Nxf6+ Kg7 28. Nxd7 Nxc4 $11) 26... Rc8 (26...
Qxg5 27. Re8+ $18) (26... Bxa4 27. Ne4 Qd4 28. Ba2 $18) 27. Ne4 Qe5 (27... Qa1
28. Nxd6 $18) (27... Qf4 28. Qb2 $1 $18 {->}) 28. Qxb1 Rxc4 29. Nc5 $1 $18 Qd4
(29... Qxe3 30. fxe3 dxc5 31. bxc5 Rxc5 32. Qxb7 $18) (29... Rxb4 30. Qxb4 Qa1+
31. Kg2 dxc5 32. Qxb7 Qxa4 33. Re7 $18) 30. Nxd7 Rxb4 31. Qc1 Rc4 32. Qe1 Kg7
33. Re8 Rxa4 (33... Qxd5 $2 34. Nb6 $18) 34. Qe3 {White still must be careful.}
(34. Qe7 $2 Ra1+ 35. Kg2 Qxd5+ 36. Kg3 Ra3+ 37. Kh4 Rxh3+ $1 38. Kxh3 Qf3+ $11)
(34. Rg8+ $5 Kh6 35. Qc1+ Qf4 36. Qxf4+ Rxf4 37. Nb6 $18) 34... Qxe3 35. fxe3
h6 (35... Rb4 $142 $5 {/\} 36. g5 h6 $16) 36. Nb6 Ra1+ (36... Rb4 37. Nc8 {
[%csl Rd6] ><d6}) 37. Kf2 a5 38. Nc4 Rd1 39. e4 a4 40. Nxd6 a3 41. Ra8 Rd3 42.
Ne8+ (42. Ne8+ Kf8 43. Nf6+ Ke7 44. e5 {/\Re8#}) 1-0

[Event "Ciocaltea Memorial"]
[Site "Bucharest"]
[Date "1995.??.??"]
[Round "10"]
[White "Rogozenco, Dorian"]
[Black "Marin, Mihail"]
[Result "1-0"]
[WhiteElo "2440"]
[BlackElo "2540"]
[Annotator "Stohl,I"]
[PlyCount "59"]
[EventDate "1995.02.??"]
[EventType "tourn"]
[EventRounds "11"]
[EventCountry "ROU"]
[EventCategory "10"]
[SourceTitle "CBM 048"]
[Source "ChessBase"]
[SourceDate "1995.10.01"]
[SourceVersion "1"]
[SourceVersionDate "1995.10.01"]
[SourceQuality "1"]

1. d4 Nf6 2. c4 c5 3. d5 d6 4. Nc3 g6 5. e4 Bg7 6. h3 O-O 7. Bd3 e6 8. Nf3 exd5
9. cxd5 b5 10. Bxb5 (10. Nxb5 Re8 11. Nd2 (11. O-O Nxe4 12. Bxe4 Rxe4 13. Bg5
f6 14. Bd2 a6 15. Nc3 Re8 16. Bf4 g5 17. Bg3 f5 18. Nd2 f4 19. Bh2 Nd7 20. Nce4
Ne5 21. h4 h6 22. hxg5 hxg5 23. Qh5 Nf7 24. Rae1 Bf5 25. g4 Bh7 26. b3 Bd4 27.
Kg2 Kg7 $17 {Sulava,N-Cebalo,M/CRO-ch/1995/}) 11... Nxe4 12. Nxe4 f5 13. O-O
fxe4 14. Be2 a6 15. Nc3 Nd7 16. Bg4 Nf6 17. Bxc8 Rxc8 18. Qa4 Qb6 19. Re1 Kh8
20. Rb1 Qb4 21. Qxa6 Nxd5 22. Rxe4 Nc7 23. Qxc8 Rxc8 24. Rxb4 cxb4 25. Ne2 Nd5
$44 {Antonsen,M-Mortensen,E/Copenhagen K41/1995/}) 10... Nxe4 11. Nxe4 Qa5+ 12.
Nfd2 Qxb5 13. Nxd6 Qa6 14. N2c4 Nd7 15. O-O Nb6 16. Nxb6 Qxb6 (16... axb6 17.
Re1 (17. Nxc8 Raxc8 $10) (17. Qb3 Bd7 $1 $13 (17... Qe2 $2 18. Nxc8 Rfxc8 19.
d6 b5 20. Bg5 Qxb2 21. d7 Rcb8 22. Rad1 $1 Qxb3 23. axb3 f6 24. Bf4 Rd8 25. Bc7
$18) 18. Bg5 b5 19. Be7 f5 $1 $13 {><b2, Nd6} (19... c4 $6 20. Qb4 $16 Rfb8 21.
Ne4 Bf5 {Palkovi,J-Szalanczy,E/HUN-ch/1989/} 22. Nc3 $1 $16)) 17... b5 (17...
Bd7 18. Re7 Rad8 19. Qf3 f5 20. Rxg7+ Kxg7 21. Qc3+ Kg8 22. Bh6 $18) 18. Nxc8
Raxc8 19. Re2 Rfe8 20. Be3 b4 21. a3 b3 {Kishnev,S-Szalanczy,E/Budapest/1989/})
17. Nxc8 Raxc8 18. Rb1 (18. Qf3 Rfd8 19. Rb1 Qf6 20. Qxf6 Bxf6 21. Be3 Rxd5 22.
Rfc1 c4 23. Rc2 Kg7 24. Rbc1 Ra5 25. Rxc4 {1/2-1/2,Campos Moreno,J-Marin,M/
Zaragoza op/1994/}) (18. Qc2 Rfd8 19. Rd1 Bd4 20. Qc4 (20. Rb1 Rxd5 21. Be3
Rcd8 22. Bxd4 Rxd4 23. Rxd4 cxd4 {1/2-1/2,Dzhandzhava,L-Komarov,D/
Leningrad-chT/1989/}) 20... Qb7 21. Be3 Qxd5 22. Qxd5 Rxd5 23. Rd2 Rd6 24. Kf1
Rb6 $10 {Salov,V-Tal,M/Skelleftea WCup/1989/}) (18. Qb3 $5 c4 19. Qxb6 axb6 20.
a4 Rc5 21. Rd1 Rd8 22. d6 h5 23. Rb1 Be5 24. Be3 Rc6 25. Rd5 f6 26. d7 Kf7 27.
Rb5 Bc7 28. Rd1 Ke6 $10 {Sakaev,K-Agrest,E/Leningrad II/1990/}) (18. Re1 $5
Rfd8 $6 (18... Bd4 $142 $1 19. Bh6 Qxb2 20. Qf3 Bg7 $10) (18... Rfe8 19. Rxe8+
Rxe8 20. Be3 Qxb2 21. Rb1 Qxa2 22. Bxc5 $14) 19. Bg5 $1 Rd7 20. Qa4 $1 Qd6 21.
Rad1 Bd4 {Sapis,W-Skrobek,R/Bielsko-Biala/1990/} 22. b4 $1 $16) 18... Rfd8 $2 (
18... Qd6 $1 19. Qf3 Rfd8 20. Rd1 Bd4 21. Be3 Qxd5 22. Qxd5 Rxd5 23. Rd2 a5 24.
Rbd1 Rb8 25. Kf1 Kg7 26. Rc2 a4 $10 {Smejkal,J-Wahls,M/BL 8990/1989/}) 19. Bf4
$1 $146 {[%csl Gd5][%cal Yd5d6] o^d5,/\d6|^} (19. Bg5 Rd7 20. Qg4 Qb7 21. Rfd1
h5 $10 {[%cal Yg7d4] /\Bd4,1/2-1/2,Ibragimov,I-De Firmian,N/Reykjavik op/1994/}
) 19... Qa6 (19... Bd4 20. d6 c4 21. Qg4 h5 22. Qg3 Bc5 23. Rfd1 $16) 20. d6
$16 Rd7 (20... Bd4 $142 $16) 21. Qd5 $1 c4 22. Rbd1 (22. Rfe1 $5 {[%cal Re1e7]
/\Re7} Qxa2 23. Qb5 Rcd8 24. Qxd7 $1 Rxd7 25. Re8+ Bf8 26. Bh6 Qxb1+ 27. Kh2
$18) 22... Bxb2 (22... Qxa2 23. Rfe1 $40) 23. Rfe1 Bf6 (23... Qc6 $2 24. Re8+
Kg7 25. Be5+ $18) (23... Qb7 24. Qxb7 Rxb7 25. d7 $18) (23... c3 24. Re7 Rxe7
25. dxe7 c2 26. Qd8+ Kg7 27. Re1 $1 $18) 24. Be5 Bxe5 (24... Bd8 25. Bc3 $18 {
[%cal Rc3h8] גa1-h8}) 25. Rxe5 Rf8 (25... c3 26. Re7 Rxe7 $8 27. dxe7 c2 (
27... Re8 28. Qd7 $18) 28. Qd8+ Kg7 29. Rc1 $1 $18 {[%cal Rc1c2,Re7e8] /\e8Q,
Rc2} (29. e8=Q $2 cxd1=Q+ $19)) 26. Re7 $18 Rdd8 (26... Qc8 $142 27. Rxd7 Qxd7
28. Qxc4 $18) 27. d7 Qxa2 28. Rde1 {[%cal Re7e8] /\Re8} Qa4 29. Kh2 $1 {(.)} (
29. Rxf7 $2 Rxf7 30. Re7 Qa1+ 31. Kh2 Qf6 $19) 29... a6 (29... Qb4 $142 30.
R1e4 $18 {[%cal Rg2g3,Re7e8] /\g3,Re8} (30. Re8 $2 Qb8+ $17)) 30. Rxf7 $1 (30.
Rxf7 Rxf7 31. Re7 $18) 1-0